| 000 | 00786cab a2200241 4500 | ||
|---|---|---|---|
| 001 | WB3348-21 | ||
| 008 | 090401t1997 xxu||||| |||| 00| 0 eng d | ||
| 035 | _a(Sirsi) u82592 | ||
| 041 | _aeng | ||
| 245 | _aNew competition guidance | ||
| 260 | _c1997 | ||
| 350 | _a0 | ||
| 490 |
_aDOETR News Release _v(493) 3 December 1997 (3) |
||
| 520 | _aRevised CCT regulations give local authorities more flexibility on CCT and encourages them to move towards a `Best Value` based approach to service delivery. DoE Circular 16/97 provides guidance. | ||
| 650 | _aBEST VALUE POLICY | ||
| 650 | _aCCT | ||
| 650 | _aCOMPULSORY COMPETITIVE TENDERING | ||
| 650 | _aLOCAL AUTHORITIES | ||
| 650 | _aSERVICE DELIVERY | ||
| 690 | _aECONOMIC AND SOCIAL | ||
| 942 | _n0 | ||
| 948 | _c10/12/1997 | ||
| 999 |
_c52164 _d52164 |
||